000 01986nam a2200337 a 4500
001 BRCA_3058
005 20190320204105.0
008 230109s1798----fr-a---###---#000-0#fre-u
041 _afre
044 _afr
084 _a364
_b.D84
_c1798
100 1 _aCervantes Saavedra, Miguel de
_d1547-1616
_9213
245 1 0 _aHistoire de L´Admirable Don Quichotte de la Manche
_cMiguel de Cervantes Saavedra ; Traduit par Filleau de Saint-Martin.
260 _aParís
_bFr. Dufart
_c1798
300 _a4 v.
_bil.
_c23 cm.
500 _aContenido : v 1. Primera parte. Retrato de Cervantes. Prólogo del autor. Texto. -- v 2. Texto. -- v 3. Segunda parte. Texto. Primera parte de la continuación escrita por el traductor. v 4. Segunda parte de la continuación escrita por el traductor. Texto
500 _aEdición : Nouvelle Edition Revuée, Corrigée et Augmentée, Avec Figures
500 _aAunque esta edición tiene sólo cuatro tomos, lleva también la continuación de Saint-Martin. parece haber tenido por modelo la parisiense de 1752, pues contiene como ella el prólogo de Cervantes, traducido por Thémiseul de Saint Hyacinthe. Va adornada con el retrato de Cervantes, copiado por F. N. Quevedo de la edición académica publicada en 1780; y con láminas de Coypel, de nuevo grabadas por Collet. Impresión y papel muy buenos. Piel; lomos y planos dorados Lúdovik Osterc
500 _aEstado físico : El volumen 4 tiene el lomo deteriorado
500 _aCon ex-libris de : T. Gordon Caufield
500 _aQM286
546 _aTexto en : francés
650 1 4 _aNovela española
_yÉpoca clásica, 1500-1700
_9215
650 1 4 _aLiteratura española
_yÉpoca clásica, 1500-1700
_9216
650 1 4 _aNovela española
_ySiglo XVII
_9217
650 1 4 _aDon Quijote (Personaje ficticio)
_eNovela
_9218
700 1 _aSaint-Martin, Francois Filleau de
_d1632-1695
_eTraductor
_98379
740 0 _aEl Ingenioso Hidalgo Don Quijote de la Mancha
902 _aQFM
942 _2lcc
_cB
999 _c2794
_d2794